000 00885nam0a22002411 4500
001 rc\2768137
005 20250806203729.0
035 _a(NLR Aleph) 006894552
090 _a12383
_c12383
100 _a20110915d1941 u y0rusy50 ca
101 0 _arus
102 _aRU
105 _aa z |||||
200 1 _aАвтомобиль ГАЗ-64
_eКраткая инструкция по уходу и управлению
_fНаркомсредмаш СССР. Автомоб. завод им. Молотова
210 _aГорький
_cКонструкторско-эксперим. отд. ГАЗ
_d1941
215 _a[2], 12 с., 2 л. черт.
_cил.
_d20 см.
801 0 _aRU
_bNLR
_gpsbo
801 1 _aRU
_bELAR
_2rusmarc
852 _aNLR
_jТ86 Г-4/627
942 _cBOOK
945 _aРоссийская национальная библиотека
980 _aNB
980 _aBV